000 00617nam a2200205Ia 4500
001 19632
003 GE_BSU
008 181216s||||||||xx |||||||||||||| ||und||
040 _cGE_BSU
245 _aИммунология.Том 37. №5. Сентябрь-Октябрь 2016
245 _cРед.Е.П. Мороз
260 _aМосква
260 _bМедицина
260 _c2016
300 _a225-296 стр. 30см.
653 _aИммунология. Том 37. №5. Сентябрь-Октябрь 2016
653 _aПериодика
653 _aპერიოდიკა
942 _cCR
999 _c52608
_d52608